Fallout 3 - Mega Quiz - Statistics

General Stats
  • This quiz has been taken 39 times
  • The average score is 56 of 182
Answer Stats
Hint Answer % Correct
E stands for? Endurance
89%
I stands for? Intelligence
89%
What does the overseer get you for your birthday? Pip-Boy
89%
A stands for? Agility
85%
What does your dad give you for your birthday? BB Gun
85%
L stands for? Luck
85%
P stands for? Perception
85%
Who is the leader of the Tunnel Snakes? Butch
81%
C stands for? Charisma
81%
What bobblehead is found inside the sheriff's house in Megaton? | What does the S stand for in the S.P.E.C.I.A.L? Strength
81%
What is the vault the Lone Wanderer was born in? Vault 101
78%
Who is the Lone Wanderer's bestfriend in the vault? Amata
70%
What test do you take whenever you are 16? Goat
70%
Who voiced the Lone Wanderer's father? Liam Neeson
70%
What's the name of the town thats built around a bomb? Megaton
70%
What animal do you shoot with the bb gun? Radroach
70%
What is the Lone Wanderer's fathers name? James
67%
Who owns the saloon in Megaton? Colin Moriarty
59%
Which companion can go into the chamber and get the GECK? Fawkes
59%
Who is the sheriff of Megaton Lucas Simms
59%
What is the optional objective that you look for in the Super Duper Mart? | Which bobblehead is on your dads desk when you are 16? Medicine
59%
How many bobbleheads can you collect in the wastes? 20
56%
Who is the owner of Craterside Supply? Moira Brown
56%
What faction do you encounter on your way to Galaxy News Radio? Brotherhood of Steel
52%
Who is the radio host inside of GNR? Three Dog
52%
What year is the Lone Wanderer born? 2258
48%
What do you need to disarm to get a house in Megaton? Bomb
48%
What enemy faction tries to stop the project? Enclave
48%
Who is the ghoul at the saloon that sells drinks? Gob
48%
What is the underground settlement that is inhabited by children called? Little Lamplight
48%
What is the popular drink in the Capital Wasteland? Nuka Cola
48%
What is the blue verison of the drink? Quantum
48%
Which bobblehead is located in the Rivet City Lab? Science
48%
Who is the well-dressed man that you encounter right when you enter the saloon? Burke
44%
What enemy do you have to kill before you can enter GNR? Behemoth
41%
Which DLC do you have to have to keep playing after starting the purifier? Broken Steel
41%
What was your mothers name? Catherine
41%
Who is the possible companion and former raider found inside Megaton? Jericho
41%
Who is the President of the Enclave? John Henry Eden
41%
Who is the 2nd person that gives you the bb gun? Jonas
41%
Who gives you the sweetroll? Old Lady Palmer
41%
What is the project that your dad wants to work on? Project Purity
41%
Where do you end up after you get knocked out after you get the GECK? Raven Rock
41%
Where do you go to, to blow up Megaton? Tenpenny Tower
41%
What simulation is your dad in? Tranquility Lane
41%
What vault is inside of Smith Caseys Garage? 112
37%
How many Nuka Cola Quantums do you need to collect for the Nuka Cola Challenge? 30
37%
What vault is the GECK located in? 87
37%
In Little Lamplight whenever you become an adult where do you go? Big Town
37%
Where do you end up at after you get out of the tunnel? Citadel
37%
What weapon do you find outside of GNR? Fatman
37%
What is the main objective that you look for in the Super Duper Mart? Food
37%
What does your bestfriend get you for you birthday? Grognak the Barbarian
37%
Which organ does Harold want you to destroy? Heart
37%
Who is the Mayor of Little Lamplight? MacCready
37%
Where is Underworld located? Museum of History
37%
Whats the name of the hospitalized human in the Underworld Clinic? Reilly
37%
What is her mercenary team? Reilly's Rangers
37%
Where does Three Dog tell you where your dad is? Rivet City
37%
Who is the blonde Brotherhood of Steel member you encounter? Sarah Lyons
37%
What enemy keeps attacking Big Town? Super Mutants
37%
Who wants you to go get a violin from Vault 92? Agatha
33%
Who destroyed your birthday cake? Andy
33%
Where does Colin Moriarty tell you where your dad went? Galaxy News Radio
33%
What is the name of the talking tree in Oasis? Harold
33%
What is the giant robot called that helps you fight the Enclave? Liberty Prime
33%
After the Super Duper Mart, what does Moira want you to get sick with? Radiation
33%
In the National Archives you can also find the Bill of ..... Rights
33%
What is the first place that Moira sends you? Super Duper Mart
33%
Who is the girl in that National Archives that gives you the quest? Sydney
33%
What is the place were most of the ghouls stay? Underworld
33%
Who is the other member of the Tunnel Snakes? Wally
33%
What is the code to start the Purifier? 216
30%
What is the name of the Antagonist in the quest above? Antagonizer
30%
What settlement do you have to go to for the Blood Ties quest? Arefu
30%
Who is the Colonel for the Enclave? Colonel Autumn
30%
What does the GECK stand for? Garden of Eden Creation Kit
30%
Where does the scientist tell you where to look for your dad? Jefferson Memorial
30%
What is the name of the "Superhero" in the quest above? Mechanist
30%
Who is the prostitute in the saloon? Nova
30%
What is the only location in the Capital Wasteland that has trees with leaves? Oasis
30%
What was the Citadel in the old world? Pentagon
30%
Where do the holotapes tell you where your dad is? Smith Caseys Garage
30%
What weapon does Fawkes use? Super Sledge
30%
What is the name of your robot inside of your Megaton house? Wadsworth
30%
Who can you sell scrap metal to in Megaton? Walter
30%
In the National Archives you can also find the Magna ..... Carta
26%
What government document does Sydney want you to steal? Declaration of Independence
26%
What is the doctors name in the Rivet City Science Lab that is looking for an andriod? Dr Zimmer
26%
What is the name of the slave settlement? Paradise Falls
26%
Who is the black member of the Tunnel Snakes? Paul
26%
Where river is Rivet City on? Potomac
26%
What is your dad' last words? Run
26%
What is the quest called in Canterbury Commons that revolves around a superhero and villian? The Superhuman Gambit
26%
What's the name of the friendly super mutant that wanders the waste? Uncle Leo
26%
What quest does Moira Brown give the Lone Wanderer? Wasteland Survival Guide
26%
What is the quest called that Agatha gives you? Agatha's Song
22%
Who is the owner of Tenpenny Tower? Allistair Tenpenny
22%
What is the quest called where you have to help Big Town with the mutants? Big Trouble in Big Town
22%
Who is the Overseer for the vault mentioned above? Braun
22%
Which bobblehead is located in Raven Rock? Energy Weapons
22%
What does the test above stand for? Generalized Occupational Aptitude Test
22%
Who is the good security guard in the vault? Gomez
22%
What is the name of the andriod? Harkness
22%
Who is the girl in Megaton that gives you the Blood Ties side quest? Lucy West
22%
After the radiation sickness, which location does Moira want you to travel to? Minefield
22%
Where does Three Dog want you to travel to? Museum of Technology
22%
Who is the guy in megaton that likes the Enclave? Nathan
22%
What does Moira want to test on Mole Rats? Repellent
22%
Who is the companion inside of the Citadel? Star Paladin Cross
22%
Who do you have to take the Declaration of Independence to? Abraham Washington
19%
What is the name of the sniper in the Minefield that you have to make into a slave? Arkansas
19%
Whats the location where you start the quest "Nuka Cola Challenge"? Girdershade
19%
What is the sheriff's sons name? Harden Simms
19%
After you complete "Head of State" where do the runaway slaves move into? Lincoln Memorial
19%
What is the team called that Sarah Lyons runs? Lyons Pride
19%
What is the name of the scientist you need to talk to at Rivet City? Madison Li
19%
Who is the teacher that gives you the Goat? Mr. Brotch
19%
What do the children mentioned in the settlement above call adults? Mungo
19%
What does MacCready call the way to Vault 87? Murder Pass
19%
Where do you have to go to start the "Stealing Independence" side quest? National Archives
19%
Who is the leader of the Citadel? Owen Lyons
19%
Which Paladin teaches you how to use power armor? Paladin Gunny
19%
What's the girls name in the pink dress in Little Lamplight? Princess
19%
Who is the only doctor in Big Town? Red
19%
Who is the ghoul that wants to take over Tenpenny Tower? Roy
19%
What is the andriods job in Rivet City Security Guard
19%
What item do you need to get from Vault 92 to get a unqiue weapon from Agatha? Sheet Music Book
19%
Who gives you the quest mentioned above? Sierra
19%
Who is the lady that gives you the poem? Beatrice
15%
Who adopted the girl because her parents died? Billy
15%
If you bring Moira a frag mine what schematic will you get? Bottlecap Mine
15%
Who is the girl outside of the Brass Lantern? Jenny Stahl
15%
What does John Henry Eden want you to put in the purifier? Modified FEV
15%
Whats the name of the guy hiding out by himself in a broken off part of Rivet City? Pinkerton
15%
Who do you talk to, to find out about the GECK? Scribe Rothchild
15%
Who does the Saloon owner want you to go get caps from? Silver
15%
What is the outside of Vault 101 called? Springvale
15%
Where are the Reilly Rangers trapped? Statesman Hotel
15%
What is the settlement called where the runaway slaves go? Temple of the Union
15%
Which kid in Little Lamplight can you get the Wazer Wifle from? Biwwy
11%
If you give Agatha the Sheet Music Book what weapon does she give you? Blackhawk
11%
What is the name of the second-in-command of Reilly's Rangers? Butcher
11%
What the name of the protectron outside of Megaton? Deputy Weld
11%
Who is the doctor in Megaton? Doc Church
11%
Who is the main Tenpenny Tower guard? Gustavo
11%
Who is the chem-addicted bartender that works at the Brass Lantern in Megaton? Leo Stahl
11%
What unique slaver-maker weapon does Grouse give you? Mesmetron
11%
Who is the begger outside of megaton? Micky
11%
What is the violin called that you need to retrieve from Vault 92 called? Soil Stradivarius
11%
Who is the sentry at Megaton? Stockholm
11%
In Paradise Falls you can get a slave side quest called? Strictly Business
11%
What is the name of the Tenpenny Tower resident that you have to make into a slave? Susan
11%
Who gives the quest "The Superhuman Gambit"? Uncle Roe
11%
Who is the leader of the group that keeps on attacking Arefu? Vance
11%
What is the name of the Railroad member that wants you to fake the andriod's death? Victoria
11%
What is the name of the member of Reilly's Rangers with the minigun? Brick
7%
What is the name of the protectron that is guarding that Declaration of Independence? Button Gwinnett
7%
Who is the Mister Handy inside of the Armory in Megaton? Deputy Steel
7%
What is the name of the member of Reilly's Rangers that fixes the elevator on top of Statesman Hotel? Donovan
7%
What is the name of the merchant in Rivet City that you have to make into a slave? Flak
7%
Who gives you the side quest "Strictly Business"? Grouse
7%
Who gives you the side quest "Head of State" Hannibal
7%
What is the side quest called that you get from the Temple of the Union? Head of State
7%
Who is the kid that got adopted because her parents died by raiders? Maggie
7%
Who is the oldest peron living in Megaton? Manya
7%
What weapon does Sydney use? 10mm SMG
4%
What weapon do you get if you side with the andriod? A3-21's Plasma Rifle
4%
What does Moira give you if you complete the optional objective mentioned above? Food Sanitizer
4%
Who is the wife of the bomb worshipper in Megaton? Maya
4%
Who is the named Paladin guarding the gate of the Citadel? Paladin Bael
4%
What tunnel do you go into after the Enclave attack the Jefferson Memorial? Taft Tunnels
4%
What weapon do you get if you side with the AntAgonizer? Ant's Sting
0%
Who is the doctor in Tenpenny Tower? Banfield
0%
What is the name of the only armored guard in Big Town? Dusty
0%
Who is the guy that worships the bomb in Megaton? Professor Cromwell
0%
What weapon do you get if you side with The Mechanist? Protectron's Gaze
0%
If you complete the radiation optional objective what perk does Moira give the Lone Wanderer? Rad Regeneration
0%
What does Three Dog want you to collect? Virgo 2
0%
What perk do you get if you side with Dr. Zimmer? Wired Reflexes
0%
No matching quizzes found
Score Distribution
Percent of People with Each Score
Percentile by Number Answered
Your Score History
You have not taken this quiz